书目信息 |
| 题名: |
有什么别有病
|
|
| 作者: | 徐捷 著 | |
| 分册: | ||
| 出版信息: | 北京 人民军医出版社 2007.11 |
|
| 页数: | 200页 | |
| 开本: | 23cm | |
| 丛书名: | ||
| 单 册: | ||
| 中图分类: | R161 | |
| 科图分类: | ||
| 主题词: | 保健--bao jian--基本知识 | |
| 电子资源: | ||
| ISBN: | 978-7-5091-1306-6 | |
| 000 | 00866nam0 2200241 450 | |
| 001 | 012008164616 | |
| 005 | 20080525090611.43 | |
| 010 | @a978-7-5091-1306-6@dCNY27.00 | |
| 100 | @a20080525d2007 em y0chiy0120 ea | |
| 101 | 0 | @achi |
| 102 | @aCN@b110000 | |
| 105 | @ay z 000yy | |
| 106 | @ar | |
| 200 | 1 | @a有什么别有病@Ayou shi mo bie you bing@e一个普通人追求健康的体验历程@f徐捷著@Fxu jie zhu |
| 210 | @a北京@c人民军医出版社@d2007.11 | |
| 215 | @a200页@d23cm | |
| 330 | @a本书作者用老百姓的通俗语言来解释疾病,并结合自身健康生活体验,以对话的形式,向读者揭示发病的原因,以及追求健康的合理方法。 | |
| 517 | 1 | @a一个普通人追求健康的体验历程@Ayi ge pu tong ren zhui qiu jian kang de ti yan li cheng |
| 606 | 0 | @a保健@Abao jian@x基本知识 |
| 690 | @aR161@v4 | |
| 701 | 0 | @a徐捷@Axu jie@4著 |
| 801 | 0 | @aCN@bQSSK@c20080525 |
| 905 | @b713528-30@dR161@eX731@f3 | |
| 有什么别有病:一个普通人追求健康的体验历程/徐捷著.-北京:人民军医出版社,2007.11 |
| 200页;23cm |
| ISBN 978-7-5091-1306-6:CNY27.00 |
| 本书作者用老百姓的通俗语言来解释疾病,并结合自身健康生活体验,以对话的形式,向读者揭示发病的原因,以及追求健康的合理方法。 |
| ● |
| 相关链接 |
|
|
|
正题名:有什么别有病
索取号:R161/X731
 
预约/预借
| 序号 | 登录号 | 条形码 | 馆藏地/架位号 | 状态 | 备注 |
| 1 | 713528 | 207135287 | 自科库401/401自科库 4排4列4层/ [索取号:R161/X731] | 在馆 | |
| 2 | 713529 | 207135296 | 自科库401/401自科库 4排4列4层/ [索取号:R161/X731] | 在馆 | |
| 3 | 713530 | 207135303 | 自科库401/401自科库 4排4列4层/ [索取号:R161/X731] | 在馆 |